00721nam a2200121Ia 4500008004100000020001800041100009300059245021700152260002700369650012900396650002200525856005200547171212s9999 xx 000 0 und d a9780833080479 aBrennan, Richard R. Jr.;Ries, Charles P.;Hanauer, Larry;Connable, Ben;Kelly, Terrence K. cBrennan, Richard R. Jr.;Ries, Charles P.;Hanauer, Larry;Connable, Ben;Kelly, Terrence K.aEnding the U.S. War in IraqbThe Final Transition, Operational Maneuver, and Disestablishment of United States Forces-Iraq bRAND Corporationc2013 aIraq War, 2003-2011; Disengagement (Military science); Postwar reconstruction -- Iraq; United States -- Armed Forces -- Iraq aPolitical Science uhttp://www.jstor.org/stable/10.7249/j.ctt5hhwfg